000
00294nam a2200121Ia 4500
008
190216s9999||||xx |||||||||||||| ||und||
100
_a
Srivastava P K
245
0
_a
Banking Theory And Practice
260
_b
Himalaya Publishing House
_c
1983
300
_a
378p
650
_a
Commerce
942
_c
BK
999
_c
5666
_d
5666